00714nam a2200241Ia 450000100060000000300090000600800410001504000130005604000130006904100120008210000150009410000290010924500270013824500550016525000110022026000200023126000180025126000490026930000570031850000310037565000350040665000310044122877IT-RoPAU130308s9999 xx 000 0 und d aIT-RoPAU cIT-RoPAU aINGLESE aGould Jack gCodice Aut. SPICS: 20905 aControl By Advertisers bProblems And Controversies in television And Radio a1a ed. aP.A./CALIFORNIA bPacific Books c1968 [1° Ed.:1968 - Ed.Ling.Originale:1968] a"5 p. (prefazione: no ; testo: 5 [pagine: 417-421])" aControllo Sui Pubblicitari aSAGGI DI COMUNICAZIONE SOCIALE eCodice materia Spics: 3807